|
|
|
|
| LEADER |
00000nam a2200000Ia 4500 |
| 008 |
170308b2004 cr ||||| |||| 00| | spa d |
| 999 |
|
|
|c 1146
|d 1146
|
| 090 |
|
|
|a 06.02.03
|b 896
|
| 110 |
1 |
|
|9 545
|a Costa Rica. Ministerio de Educación Pública
|
| 245 |
1 |
0 |
|a Memoria : VII Encuentro Nacional de Innovaciones Educativas Puntarenas 2003 /
|c Ministerio de Educación Pública
|
| 260 |
|
|
|a San José, Costa Rica :
|b MEP,
|c 2004
|
| 300 |
|
|
|a 107 páginas
|
| 500 |
|
|
|a Elaborado por: Norma Solís Sánchez; Ileana Ruíz Rodríguez
|
| 650 |
1 |
4 |
|a INNOVACIONES PEDAGÓGICAS
|9 666
|
| 650 |
1 |
4 |
|a EDUCACIÓN PREESCOLAR
|9 455
|
| 650 |
1 |
4 |
|a EDUCACIÓN ESPECIAL
|9 817
|
| 650 |
1 |
4 |
|a EDUCACIÓN PRIMARIA
|9 367
|
| 650 |
1 |
4 |
|a EDUCACIÓN SECUNDARIA
|9 456
|
| 942 |
|
|
|i 001674
|h 06.02.03 896
|2 z
|c 01
|